00898nam a2200229 a 450000500170000000800410001704000310005804100080008904200140009708200180011111000310012924500770016026000850023730000450032250000950036750000260046250400540048861100490054265000220059170000280061370000270064120160211124601.0911016s1986 ck a b 000 0 spa d aDNALcDLCdDLCdCO-BoIAVH  aspa alccopycat 4a580.724bF97s2 aFUNBOTANICA (Organization)10aSegunda Expedición Botánica :bprogramas y realizaciones, 1982-1986. aBogotá, D.E., Colombia :bFundación Segunda Expedición Botáanica,c1986. a355 paginas. :bilustraciones. ;c24 cm. a"Editor: Jaime Ayala Ramirez; colaboradores, Jorge Eliecer Ruiz ... [et al.]"--T.p. verso. aErrata slip inserted. aIncludes bibliographical references (p. 273-293).20aSegunda Expedición Botánicad(1982-1986) 0aBotanyzColombia.2 aAyala Ramírez, Jaime.1 aRuiz, Jorge Eliécer.